000 00356nam a2200145Ia 4500
008 200103s9999||||xx |||||||||||||| ||und||
020 _a8120307143
040 _aIMU-MPC
082 _aColumn-26
100 _aBanerji, Samir K.
245 0 _aEnvironmental Chemistry
260 _bPrentice-Hall of India, New Delhi
_c1993
300 _avii,160
942 _cBK
999 _c6991
_d6991